Statistics for guess the taylor swift album

Click here to take the quiz!

General Stats

  • This quiz has been taken 52 times
  • The average score is 15 of 15

Answer Stats

HintAnswer% Correct
out of the woods1989
100%
all you had to do was stay1989
100%
blank space1989
100%
style1989
100%
cruel summerlover
100%
willowevermore
98%
anti heromidnights
98%
midnight rainmidnights
98%
all too wellred
98%
dont blame mereputation
98%
look what you made me doreputation
98%
cardiganfolklore
96%
hauntedspeak now
96%
enchantedspeak now
96%
love storyfearless
94%

Score Distribution

Percentile by Number Answered

Percent of People with Each Score

Your Score History

You have not taken this quiz